[Event "Campeonato de Aragon por Equipos 2026 - "]
[Site "?"]
[Date "2026.01.24"]
[Round "1.34"]
[White "Martinez Sanz, Pablo"]
[Black "Vallverdu Miret, Oscar"]
[Result "0-1"]
[WhiteElo "1874"]
[BlackElo "2031"]
[PlyCount "61"]
[GameId "2271383483370437"]
[EventDate "2026.01.24"]
[WhiteTeam "Iberajedrez Mundo 64 C"]
[BlackTeam "Fraga"]

1. c4 e5 2. g3 Nf6 3. Bg2 g6 4. Nc3 Bg7 5. e4 O-O 6. Nge2 d6 7. O-O Nbd7 8. d3 c6 9. b4 a5 10. b5 Nc5 11. Rb1 Bg4 12. f3 Be6 13. f4 Bg4 14. h3 Bxe2 15. Nxe2 Nfd7 16. f5 Re8 17. g4 Bf6 18. Qd2 g5 19. Ng3 h6 20. Nh5 Be7 21. h4 f6 22. Qe3 Kf7 23. Qf3 Rg8 24. hxg5 hxg5 25. Kf2 Qb6 26. Ke2 Na4 27. Rb3 Nac5 28. Be3 cxb5 29. cxb5 Rac8 30. Rc1 Qd8 31. Rbb1 Be3 cxb5 cxb5 Rac8 Rc1 Qd8 Rbb1 Qd7 d4 exd4 Bxd4 Rc7 b6 Rc6 Rd1 Rxb6 Rxb6 Nxb6 Bxc5 Qb5+ Ke1 Qxc5 Qb3+ d5 e5 Rc8 e6+ Kf8 0-1